Молодежь XXI века: образование, наука, инновации. Ч. 3 (Запись № 10855800)

Подробности
000 -МАРКЕР
контрольное поле 01521nam2a2200241 4500
001 - ИДЕНТИФИКАТОР ЗАПИСИ
контрольное поле RU\NLR\BIBL_A\010978059
005 - ИДЕНТИФИКАТОР ВЕРСИИ
контрольное поле 20250624204700.0
010 ## - МЕЖДУНАРОДНЫЙ СТАНДАРТНЫЙ НОМЕР КНИГИ (ISBN)
Номер (ISBN) 978-5-00023-870-7
Уточнения ч. 3
Тираж 100
021 ## - НОМЕР ГОСУДАРСТВЕННОЙ РЕГИСТРАЦИИ
Код страны Российская Федерация
Номер 2016-3455
Номер Листа государственной регистраци 209
035 ## - ДРУГИЕ СИСТЕМНЫЕ НОМЕРА
Идентификатор записи (NLR Aleph) 010978059
100 ## - ДАННЫЕ ОБЩЕЙ ОБРАБОТКИ
Данные общей обработки 20160209d2015 |||y0rusy50 ca
101 0# - ЯЗЫК РЕСУРСА
Язык текста, звукозаписи и т.д. русский
102 ## - СТРАНА ПУБЛИКАЦИИ ИЛИ ПРОИЗВОДСТВА
Страна публикации Российская Федерация
105 ## - ПОЛЕ КОДИРОВАННЫХ ДАННЫХ: ТЕКСТОВЫЕ МАТЕРИАЛЫ, МОНОГРАФИЧЕСКИЕ
Кодированные данные о монографическом текстовом документе y|||z|||100yy
200 0# - ЗАГЛАВИЕ И СВЕДЕНИЯ ОБ ОТВЕТСТВЕННОСТИ
Основное заглавие Ч. 3
Первые сведения об ответственности под ред. Г.С. Чесноковой, О.А. Энс
210 ## - ПУБЛИКАЦИЯ, РАСПРОСТРАНЕНИЕ И ДР.
Дата издания, распространения и т.д. 2015
Место издания, распространения и т.д. Б. м.
215 ## - ФИЗИЧЕСКАЯ ХАРАКТЕРИСТИКА
Специфическое обозначение материала и объем 257 с.
461 #0 - УРОВЕНЬ НАБОРА
Встроенное поле 001RU\NLR\BIBL_A\011006443
-- 2001#$aМолодежь XXI века: образование, наука, инновации$eматериалы IV всероссийской студенческой научно-практической конференции с международным участием (г. Новосибирск, 18-20 ноября 2015 г.)$e[в 4 ч.]$vЧ. 3
Системный номер (АБИС) связанной записи 10997980
Место публикации Новосибирск
Дата публикации 2015
Имя издателя, распространителя и т.д. Новосибирский государственный педагогический университет
Сведения, относящиеся к заглавию материалы IV всероссийской студенческой научно-практической конференции с международным участием (г. Новосибирск, 18-20 ноября 2015 г.) : [в 4 ч.]
Заглавие Молодежь XXI века: образование, наука, инновации
ISBN 9785000238677
Номер тома Ч. 3
942 ## - ДОПОЛНИТЕЛЬНЫЕ ЭЛЕМЕНТЫ ЗАПИСИ (АБИС)
Тип экземпляра АБИС Книга
980 ## - КОЛЛЕКЦИЯ
Название коллекции Национальная библиография
Экземпляры
Тип экземпляра Дата поступления Источник поступления Библиотека постоянного хранения Библиотека текущего хранения Место хранения Шифр хранения Штрих-код Статус экземпляра
Книга 09.02.2016 Обязательный экземпляр РНБ (Московский) РНБ (Московский) Русский книжный фонд: издания с 1957 года 2016-3/3115 1-1375484  
Книга 09.02.2016 Обязательный экземпляр РНБ (Московский) РНБ (Московский) Русский книжный фонд: издания с 1957 года 2016-3/3115 1-1375485